По следам "Черной кошки". Банда, которой не было: [документальные повести]

書誌詳細
第一著者: Чванов В. Ф. Владимир Федорович
要約:В книге представлены две документальные повести Владимира Федоровича Иванова, полковника милиции, знаменитого сыщика 1940—1960 годов. Он пришел в Московский уголовный розыск с фронта в 1942 году и прослужил в нем почти 60 лет. Сотни квартирных краж и налетов, в том числе и на квартиры таких известных людей из мира искусства, как скульпторы Вера Мухина, Евгений Вучетич, артисты Большого театра Екатерина Гельцер, Марк Рейзен, Суламифь Мессерер, раскрыл Владимир Иванов. Именно он, по словам писателя Аркадия Вайнера, послужил прообразом Володи Шарапова, известного всей стране по кинофильму «Место встречи изменить нельзя».
言語:ロシア語
出版事項: Москва, Вече, 2006
シリーズ:История на устах
主題:
フォーマット: MixedMaterials 図書
KOHA link:https://koha.lib.tpu.ru/cgi-bin/koha/opac-detail.pl?biblionumber=104165

MARC

LEADER 00000nam0a2200000 4500
001 104165
005 20231031113857.0
010 |a 5953315678 
035 |a (RuTPU)RU\TPU\book\112281 
090 |a 104165 
100 |a 20061026d2006 m y0rusy50 ca 
101 0 |a rus 
102 |a RU 
105 |a y z 000ay 
200 1 |a По следам "Черной кошки". Банда, которой не было  |e [документальные повести]  |f В. Ф. Чванов 
210 |a Москва  |c Вече  |d 2006 
215 |a 316 с. 
225 1 |a История на устах 
330 |a В книге представлены две документальные повести Владимира Федоровича Иванова, полковника милиции, знаменитого сыщика 1940—1960 годов. Он пришел в Московский уголовный розыск с фронта в 1942 году и прослужил в нем почти 60 лет. Сотни квартирных краж и налетов, в том числе и на квартиры таких известных людей из мира искусства, как скульпторы Вера Мухина, Евгений Вучетич, артисты Большого театра Екатерина Гельцер, Марк Рейзен, Суламифь Мессерер, раскрыл Владимир Иванов. Именно он, по словам писателя Аркадия Вайнера, послужил прообразом Володи Шарапова, известного всей стране по кинофильму «Место встречи изменить нельзя». 
610 1 |a русская литература 
610 1 |a повести 
610 1 |a боевики 
610 1 |a приключения 
675 |a Р2  |v 3 
700 1 |a Чванов  |b В. Ф.  |g Владимир Федорович 
801 1 |a RU  |b 63413507  |c 20061026  |g PSBO 
801 2 |a RU  |b 63413507  |c 20061108  |g PSBO 
942 |c BK